Al Mismo Tiempo - Rauw Alejandro - Estadísticas

Estadísticas generales
  • Esta prueba ha sido intentada 30 veces
  • La puntuación promedio es 285 de 433
Estadísticas de respuestas
Letra % Correcto
a
100%
al
100%
mi
100%
mismo
100%
ti
100%
tiempo
100%
Y
100%
y
100%
amamos
83%
así
83%
Así
83%
de
83%
De
83%
decir
83%
decir?
83%
iba
83%
lo
83%
Lo
83%
no
83%
(no)
83%
No
83%
nos
83%
que
83%
Qué
83%
Que
83%
¿quién
83%
si
83%
Si
83%
te
83%
terminamos
83%
tu
83%
83%
yo
83%
acaba
67%
Apaga
67%
bebé
67%
beso
67%
Caliente
67%
con
67%
Con
67%
conexión
67%
conozco
67%
el
67%
en
67%
En
67%
enamorado
67%
Enamorados
67%
eres
67%
es
67%
la
67%
luz
67%
mátame
67%
Me
67%
mujer
67%
necesito
67%
nuestra
67%
O
67%
piel
67%
poses
67%
Ra-
67%
Rauw)
67%
Rauw
67%
se
67%
siempre
67%
toda
67%
tus
67%
tuyo
67%
Un
67%
un
67%
única
67%
ver
67%
Ya
67%
ya
67%
abrazarte
50%
acelero
50%
Baby
50%
cama
50%
celosa
50%
cómo
50%
compitas
50%
conectamos
50%
convencer
50%
corazón
50%
cuando
50%
Cuando
50%
dime
50%
empieza
50%
enamoraste
50%
entendemos
50%
fue
50%
hacemos
50%
hay
50%
hoy
50%
impresionaste
50%
latir
50%
Los
50%
los
50%
luego
50%
malo
50%
Más
50%
más
50%
mío
50%
nombre
50%
normal
50%
Nunca
50%
nunca
50%
olvídate
50%
otra
50%
pongas
50%
probaste
50%
problemas
50%
puedo
50%
rápido
50%
resolvemos
50%
rico
50%
va
50%
voy
50%
(yeah)
50%
yeh
50%
(yeh)
50%
Yeh
50%
Cada
33%
Calvin
33%
chavos
33%
Condado
33%
Dando
33%
dia
33%
día
33%
labios
33%
Llena
33%
mezclan
33%
míos
33%
mojarte
33%
paraste
33%
pin
33%
por
33%
Queen
33%
Quiero
33%
rosados
33%
sacaste
33%
sentirte
33%
Son
33%
su
33%
tatuajes
33%
tengo
33%
tiene
33%
una
33%
vuelta
33%
Alejandro
17%
aquí
17%
Cake
17%
club
17%
(Dice
17%
eh
17%
Emo
17%
(ey)
17%
imaginan
17%
King
17%
mejor
17%
Pide
17%
Pink
17%
quédate
17%
sus
17%
trabajar
17%
Trap
17%
uh
17%
Uh
17%
vayas
17%
Antonio
0%
Colla
0%
Duars
0%
Entertainment
0%
enviar
0%
hookeaste
0%
is
0%
Joan
0%
Kenobi
0%
Nekxum
0%
Senseis
0%
This
0%
No se encontraron pruebas coincidentes
Distribución de puntuación
Porcentaje de gente con cada puntuación
Porcentaje por número respondido
Historial de tus puntuaciones
No has intentado esta prueba.